Let Me Lyrics Quiz - Statistics

General Stats
  • This quiz has been taken 4 times
  • The average score is 212 of 237
Answer Stats
Answer % Correct
a
100%
air
100%
All
100%
all
100%
and
100%
And
100%
another
100%
can't
100%
care
100%
close
100%
dance
100%
do
100%
girl
100%
go
100%
goes
100%
ground
100%
have
100%
head
100%
honey
100%
I
100%
I'm
100%
know
100%
let
100%
Let
100%
light
100%
love
100%
me
100%
me,
100%
My
100%
my
100%
never
100%
Oh
100%
oh
100%
on
100%
Please
100%
right
100%
'round
100%
she's
100%
so
100%
So
100%
stay
100%
take
100%
the
100%
to
100%
what
100%
When
100%
Whenever
100%
with
100%
you
100%
arms
50%
blue
50%
chance
50%
cloud,
50%
cloud
50%
crowd
50%
Dancing
50%
drunk
50%
eyes
50%
feel
50%
feeling
50%
fly
50%
hear
50%
in
50%
is
50%
lights
50%
music
50%
night
50%
of
50%
off
50%
Only
50%
out,
50%
out
50%
play
50%
pretty
50%
Reaching
50%
see
50%
shy
50%
Smiling
50%
spin
50%
such
50%
those
50%
Thrill
50%
through
50%
toes
50%
up
50%
walk
50%
about
0%
That
0%
No matching quizzes found
Score Distribution
Percent of People with Each Score
Percentile by Number Answered
Your Score History
You have not taken this quiz